| 000 | 00688nam a2200193 a 4500 | ||
|---|---|---|---|
| 001 | 000025631 | ||
| 005 | 20200930023929.0 | ||
| 008 | 110218s1930 ag r 000 0 spa d | ||
| 040 |
_aDO-SdBNP _bspa _cBNPHU |
||
| 082 |
_aNNN _bA595l |
||
| 100 | 1 |
_aAngus, Josep, _d1816 - 1902. _952336 |
|
| 245 | 1 | 0 |
_aLos libros de la biblia : _b(Nuevo Testamento) / _cJoseph Angu, Samuel G. Green ; traducido del inglés por Carlos Araujo García. |
| 260 |
_aBuenos Aires : _bJunta Bautista de Publicaciones, _c[1930?]. |
||
| 300 |
_a232 p. ; _c20 cm. |
||
| 500 | _aIncluye apéndice (p. [217]-223) | ||
| 700 | 1 |
_aGreen, Samuel G. _952337 |
|
| 700 | 1 |
_aAraujo García, Carlos _etr. _952338 |
|
| 049 | _aBNGR | ||
| 999 |
_c25123 _d25123 |
||